Clásicos y modernos / (Record no. 8016)
[ view plain ]
| 000 -CABECERA | |
|---|---|
| campo de control de longitud fija | 00797cam a2200229 a 4500 |
| 001 - NÚMERO DE CONTROL | |
| campo de control | 000008245 |
| 005 - FECHA Y HORA DE LA ÚLTIMA TRANSACCIÓN | |
| campo de control | 20200929161322.0 |
| 008 - DATOS DE LONGITUD FIJA--INFORMACIÓN GENERAL | |
| campo de control de longitud fija | 780411s1971 ag 001 0 spa |
| 040 ## - FUENTE DE LA CATALOGACIÓN | |
| Centro catalogador/agencia de origen | DO-SdBNP |
| Lengua de catalogación | spa |
| Centro/agencia transcriptor | BNPHU |
| 082 ## - NÚMERO DE LA CLASIFICACIÓN DECIMAL DEWEY | |
| Número de clasificación | 864.5 |
| Número de documento/Ítem | A996c, 1971 |
| 100 1# - ENTRADA PRINCIPAL--NOMBRE DE PERSONA | |
| Nombre de persona | Azorín, |
| Fechas asociadas al nombre | 1874-1968 |
| Forma completa/desarrollada del nombre | (José Martínez Ruiz) |
| 9 (RLIN) | 22362 |
| 245 10 - MENCIÓN DE TÍTULO | |
| Título | Clásicos y modernos / |
| Mención de responsabilidad, etc. | Azorín. |
| 250 ## - MENCIÓN DE EDICIÓN | |
| Mención de edición | 6a. ed. |
| 260 ## - PUBLICACIÓN, DISTRIBUCIÓN, ETC. | |
| Lugar de publicación, distribución, etc. | Buenos Aires, Argentina : |
| Nombre del editor, distribuidor, etc. | Editorial Losada, |
| Fecha de publicación, distribución, etc. | 1971. |
| 300 ## - DESCRIPCIÓN FÍSICA | |
| Extensión | 192 p. ; |
| Dimensiones | 18 cm. |
| 490 1# - MENCIÓN DE SERIE | |
| Mención de serie | Biblioteca clásica y contemporánea |
| Designación de volumen o secuencia | 37 |
| 500 ## - NOTA GENERAL | |
| Nota general | Seudónimo del autor., Azorín, a la cabeza del título. |
| 650 #4 - PUNTO DE ACCESO ADICIONAL DE MATERIA--TÉRMINO DE MATERIA | |
| Término de materia o nombre geográfico como elemento de entrada | Ensayos españoles |
| 9 (RLIN) | 3095 |
| 650 #4 - PUNTO DE ACCESO ADICIONAL DE MATERIA--TÉRMINO DE MATERIA | |
| Término de materia o nombre geográfico como elemento de entrada | Literatura española |
| 9 (RLIN) | 632 |
| 651 #4 - PUNTO DE ACCESO ADICIONAL DE MATERIA--NOMBRE GEOGRÁFICO | |
| Nombre geográfico | España |
| Subdivisión general | Vida Intelectual |
| 9 (RLIN) | 22363 |
| 830 #0 - PUNTO DE ACCESO ADICIONAL DE SERIE-TÍTULO UNIFORME | |
| Título uniforme | Biblioteca clásica y contemporanea ; |
| Designación de volumen o secuencia | 37 |
| 9 (RLIN) | 13431 |
| Estado de retiro | Estado de pérdida | Restricciones de uso | No para préstamo | Código de colección | Localización permanente | Ubicación/localización actual | Ubicación en estantería | Fecha de adquisición | Número de inventario | Total de préstamos | Signatura topográfica completa | Código de barras | Fecha visto por última vez | Precio válido a partir de | Tipo de ítem Koha |
|---|---|---|---|---|---|---|---|---|---|---|---|---|---|---|---|
| Préstamo interno | Monografías: Libros y Folletos | General | General | En catalogación | 15.09.2009 | LF1 | 864.5 A996c, 1971 | 8245-10 | 25.06.2020 | 25.06.2020 | Préstamo interno | ||||
| Monografías: Libros y Folletos | Patrimonio Dominicano | Patrimonio Dominicano | Orden iniciada | 30.03.2017 | LF1 | 864.5 A996c, 1971 | 8245-20 | 25.06.2020 | 25.06.2020 | No se presta |
